000 00782cam a22002532 4500
001 16123
003 BD-RjUL
005 20211208235946.0
008 140211s1953 xx 001 0 eng d
035 _a(BD-RjUL)16178
040 _aWSU
_cWSU
_dOCL
_dUKM
_dEQO
_dBD-RjUL
_beng
041 _aeng
082 0 4 _a338.74
_218
_bCRA
090 _aHD2785
_b.C83
100 1 _aCrum, William Leonard.
_949909
245 1 4 _aThe age structure of the corporate system /
260 _bUniversity of California Press,
_c1953.
_aLondon :
300 _a181 p. :
_c23 cm.
490 0 _aPublications of the Bureau of Business and Economic Research, University of California.
504 _aIncludes index.
650 0 _aCorporations
_zUnited States.
_949910
942 _2ddc
_cBK
999 _c16123
_d16123